Countries With Highest Lowest Points - Statistics

General Stats
  • This quiz has been taken 67 times
  • The average score is 20 of 24
Answer Stats
Countries # % Correct
Switzerland 193 m
95%
Austria 115 m
94%
Burundi 772 m
92%
Liechtenstein 430 m
92%
Chad 160 m
89%
Rwanda 950 m
89%
Tajikistan 300 m
89%
Niger 200 m
87%
Uganda 621 m
87%
Central African Republic 335 m
85%
Mongolia 518 m
85%
Zambia 329 m
85%
Andorra 840 m
84%
Kyrgyzstan 435 m
82%
South Sudan 350 m
82%
Zimbabwe 162 m
82%
Lesotho 1400 m
81%
Czech Republic 115 m
77%
Burkina Faso 200 m
76%
Botswana 513 m
74%
Afghanistan 258 m
71%
Armenia 400 m
69%
Kosovo 297 m
65%
Luxembourg 133 m
65%
No matching quizzes found
Score Distribution
Percent of People with Each Score
Percentile by Number Answered
Your Score History
You have not taken this quiz